| 000 | 00890nam a2200241Ia 4500 | ||
|---|---|---|---|
| 003 | IN-BaIIA | ||
| 008 | 211028s9999 xx 000 0 eng d | ||
| 020 | _a981-02-1709-9 | ||
| 040 | _cIIA Library | ||
| 080 |
_a539.12(082.1) _bPAR |
||
| 111 |
_a1993 Workshop on pticles and Fields _cMerida,Yucatan _d1993 Oct. 25-29 _919372 |
||
| 245 | 0 |
_apticles and fields _bproceedings of the 1993 Workshop on pt.icles and fields, held in Merida,Yucatan, Mexico, 25-29 Oct 1993 _cedited by R Huerta , Miguel Angel Perez and Luis F Urrutia |
|
| 260 |
_aSingapore _bWorld Scientific _c1994 |
||
| 300 | _a[various pagings.] | ||
| 650 | _aAstronomy and Astrophysics thesaurus | ||
| 650 |
_aFields _919373 |
||
| 650 |
_aPhysics _973 |
||
| 650 |
_apticle Physics _92818 |
||
| 700 |
_aHuerta, R., ed. _919374 |
||
| 700 |
_aPerez, M. A. _919375 |
||
| 700 |
_aUrrutia, L. F., ed. _919376 |
||
| 942 | _cBK | ||
| 999 |
_c11299 _d11299 |
||